000 00310nam a2200133Ia 4500
005 20260328104333.0
008 260328s9999||||xx |||||||||||||| ||und||
100 _aGillemon, Daniele
245 0 _aPablo Reinoso /
_cDaniele Gillemon
260 _bAvril
300 _a56 p.
650 _aESCULTURA
942 _cBK
999 _c11773
_d11773